000 00314nam a2200121Ia 4500
005 20251222152612.0
008 251222s9999||||xx |||||||||||||| ||spa||
020 _a8439813899
082 _a340.9/G63
100 _aGonzales Campos, Julio D.
245 0 _aDerecho Internacional Privado: Parte Especial
942 _cLIB
999 _c27016
_d27016